Normal view
MARC view
- Les Hoteles,Le Tourism Et la francaise
Entry Topical Term
001 - CONTROL NUMBER
- control field: 5237
003 - CONTROL NUMBER IDENTIFIER
- control field: JO-AjAnu
005 - DATE AND TIME OF LATEST TRANSACTION
- control field: 20230606071142.0
008 - FIXED-LENGTH DATA ELEMENTS
- fixed length control field: 230606|| aca||aabn | a|a d
040 ## - CATALOGING SOURCE
- Original cataloging agency: JO-AjAnu
- Transcribing agency: JO-AjAnu
150 ## - HEADING--TOPICAL TERM
- Topical term or geographic name entry element: Les Hoteles,Le Tourism Et la francaise
670 ## - SOURCE DATA FOUND
- Source citation: Work cat.: (JO-AjAnu)2704: Al-Kawaja,Steve تأليف/Shbetha,Wisam م.مشارك, author 5236, Les Hoteles,Le Tourism Et la francaise